[Event "Superettan(Rockaden, Umea-Vasteras II)"]
[Site "?"]
[Date "2021.12.05"]
[Round "2"]
[White "Malmstig, Erik"]
[Black "Petersson, Baldur Teodor"]
[Result "1-0"]
[WhiteElo "172"]
[BlackElo "2236"]
[PlyCount "73"]
[EventDate "2021.??.??"]

1. d4 d5 2. c4 c6 3. Nf3 Nf6 4. e3 a6 5. a4 e6 6. Nc3 Nbd7 7. Be2 Bd6 8. a5 O-O
9. O-O Qe7 10. Qc2 dxc4 11. Bxc4 e5 12. Nh4 g6 13. g3 Kg7 14. Rd1 Re8 15. b3 e4
16. Bb2 Nf8 17. d5 c5 18. Be2 Kg8 19. Na4 N8d7 20. Ng2 Ne5 21. Bxe5 Qxe5 22.
Nb6 Rb8 23. Rac1 Nd7 24. Nc4 Qe7 25. Ne1 h5 26. Ng2 Rd8 27. Nf4 Ne5 28. Qxe4
Bf5 29. Qg2 Nxc4 30. Rxc4 b5 31. Rcc1 Bc7 32. Bf3 Bxa5 33. e4 Bg4 34. Bxg4 hxg4
35. Ra1 Qc7 36. d6 Qb6 37. Nd5 1-0

[Event "Superettan(Orgryte-Kristallen)"]
[Site "?"]
[Date "2021.12.05"]
[Round "2"]
[White "Frisk Kockum, Anton"]
[Black "Lindh, Fredrik"]
[Result "1/2-1/2"]
[WhiteElo "2297"]
[BlackElo "2352"]
[PlyCount "76"]

1. Nf3 Nf6 2. b3 g6 3. Bb2 Bg7 4. c4 O-O 5. g3 c6 6. Bg2 d5 7. O-O Bg4 8. d3 a5
9. cxd5 cxd5 10. Nc3 Nc6 11. h3 Bxf3 12. Bxf3 Re8 13. Bg2 Rc8 14. e4 dxe4 15.
dxe4 Qb6 16. Na4 Qb5 17. Rc1 Red8 18. Rc5 Qxc5 19. Nxc5 Rxd1 20. Rxd1 Nxe4 21.
Bxe4 Bxb2 22. Nxb7 Rc7 23. Bxc6 Rxc6 24. Nxa5 Ra6 25. Nc4 Rxa2 26. b4 Bf6 27.
Rb1 Bd4 28. Ne3 Kf8 29. b5 Ke8 30. b6 Bxe3 31. fxe3 Ra8 32. g4 h6 33. h4 Kd7
34. g5 hxg5 35. hxg5 Rb8 36. b7 Kc6 37. Rf1 Rxb7 38. Rxf7 Rb5 1/2-1/2

[Event "Superettan(Rockaden, Sthlm II-Burgsvik)"]
[Site "?"]
[Date "2021.12.05"]
[Round "2"]
[White "Zadruzny, Nicolaj"]
[Black "Andersson, Tommy"]
[Result "1-0"]
[WhiteElo "2351"]
[BlackElo "2382"]
[PlyCount "113"]

1. d4 Nf6 2. c4 e6 3. Nf3 d5 4. g3 Bb4+ 5. Bd2 Be7 6. Bg2 O-O 7. O-O b6 8. Qc2
Bb7 9. cxd5 exd5 10. Bf4 Na6 11. Nc3 c5 12. dxc5 bxc5 13. Rfd1 Qb6 14. Ne5 Rad8
15. Qb3 Ba8 16. Qxb6 axb6 17. e3 h6 18. g4 Bd6 19. h3 g5 20. Bh2 Rfe8 21. Nf3
Bxh2+ 22. Kxh2 Bc6 23. a3 Nc7 24. Ng1 Ne4 25. Nxe4 dxe4 26. Ne2 Ba4 27. Rxd8
Rxd8 28. Nc3 Bc2 29. Bxe4 Rd2 30. b4 Nb5 31. Nxb5 Bxe4 32. Kg3 Bd3 33. Nc3 cxb4
34. axb4 Rb2 35. Rd1 Bc4 36. Rd6 Rxb4 37. Rxh6 Be6 38. Ne2 Kg7 39. Rh5 f6 40.
Nd4 Bd7 41. h4 gxh4+ 42. Kxh4 Kf7 43. Rh7+ Ke8 44. Kh5 Rb1 45. Kg6 Bxg4 46.
Kxf6 Rf1 47. f4 Re1 48. Re7+ Kd8 49. f5 Rf1 50. e4 Rd1 51. Rg7 Bh3 52. Nc6+ Kc8
53. e5 Rf1 54. Ne7+ Kd7 55. e6+ Kd6 56. Rg3 Rh1 57. Nc8+ 1-0

[Event "Superettan(Rockaden, Umea-Vasteras II)"]
[Site "?"]
[Date "2021.12.05"]
[Round "2"]
[White "Kretz, Johan"]
[Black "Nygren, David"]
[Result "1-0"]
[WhiteElo "2211"]
[BlackElo "2211"]
[PlyCount "101"]
[EventDate "2021.??.??"]

1. d4 Nf6 2. c4 e6 3. Nf3 c5 4. d5 exd5 5. cxd5 d6 6. Nc3 g6 7. h3 Qe7 8. e4 a6
9. Bd3 Bg7 10. O-O O-O 11. Bf4 Nbd7 12. Re1 Nh5 13. Bg5 Bf6 14. Bh6 Bg7 15. Qd2
Ne5 16. Nxe5 Qxe5 17. Be3 Qe7 18. g4 Nf6 19. Bg5 Qc7 20. f4 Ne8 21. a4 Bd4+ 22.
Kh1 Bg7 23. Bc4 Kh8 24. Re2 Bd4 25. Rae1 f6 26. Bh4 Qg7 27. Bf2 Qh6 28. Kg2
Bxf2 29. Rxf2 Qh4 30. Qe3 Ng7 31. Qg3 Qxg3+ 32. Kxg3 Bd7 33. Rfe2 Rab8 34. a5
b5 35. axb6 Rxb6 36. e5 fxe5 37. fxe5 dxe5 38. b3 Rbf6 39. Ne4 Rf3+ 40. Kg2 Bb5
41. Re3 R3f4 42. Kg3 h5 43. Bxb5 axb5 44. Nxc5 h4+ 45. Kxh4 Nf5+ 46. Kg5 Nxe3
47. Rxe3 Rf3 48. Rxf3 Rxf3 49. d6 Rf1 50. d7 Rd1 51. Kf6 1-0

[Event "Superettan(Orgryte-Kristallen)"]
[Site "?"]
[Date "2021.12.05"]
[Round "2"]
[White "Subramanian, Aditya"]
[Black "Torngren, Gustav"]
[Result "0-1"]
[WhiteElo "2181"]
[BlackElo "2215"]
[PlyCount "104"]

1. d4 Nf6 2. Nf3 e6 3. c4 Bb4+ 4. Bd2 c5 5. Bxb4 cxb4 6. a3 bxa3 7. Rxa3 b6 8.
Nc3 d6 9. g3 O-O 10. Bg2 Bb7 11. O-O Nbd7 12. d5 e5 13. b4 a5 14. Qb3 axb4 15.
Qxb4 Rxa3 16. Qxa3 Nc5 17. Rb1 Ba6 18. Nd2 Nfd7 19. Nce4 Qc7 20. Nxc5 Nxc5 21.
e4 Rb8 22. Bf1 Bc8 23. Ra1 f6 24. h4 Kf7 25. Qf3 Bd7 26. Kh2 Qc8 27. Ra7 Rb7
28. Qa3 Rxa7 29. Qxa7 Qb7 30. Qa3 Qa6 31. Qxa6 Nxa6 32. Kg2 Nc5 33. Kf3 Ke7 34.
Ke3 Kd8 35. Bd3 Kc7 36. Bc2 Kb7 37. f4 Ka6 38. fxe5 fxe5 39. Nf3 Ka5 40. Ng5 h6
41. Nh7 Kb4 42. Bd3 Nxd3 43. Kxd3 Bh3 44. Nf8 Bf1+ 45. Ke3 Kxc4 46. Nd7 b5 47.
g4 Bh3 48. Nb6+ Kc5 49. Nd7+ Kc4 50. Nb6+ Kc3 51. Nc8 b4 52. Nxd6 b3 0-1

[Event "Superettan(Rockaden, Sthlm II-Burgsvik)"]
[Site "?"]
[Date "2021.12.05"]
[Round "2"]
[White "Persson, Mats"]
[Black "Olsson, Krister"]
[Result "1-0"]
[WhiteElo "2340"]
[BlackElo "2341"]
[PlyCount "49"]

1. e4 c6 2. d4 d5 3. Nc3 g6 4. Nf3 Bg7 5. h3 dxe4 6. Nxe4 Nd7 7. Bc4 Ngf6 8.
Nxf6+ Nxf6 9. O-O O-O 10. Re1 Bf5 11. c3 Qc7 12. Qe2 Rae8 13. Ne5 Be4 14. Bf4
Qc8 15. Bb3 c5 16. Rad1 cxd4 17. Rxd4 Bf5 18. Rc4 Qa8 19. Rc7 g5 20. Qf3 Bc8
21. Nxf7 e6 22. Nd6 Kh8 23. Be5 Bd7 24. Nxe8 Qxe8 25. Qxb7 1-0

[Event "Superettan(Rockaden, Umea-Vasteras II)"]
[Site "?"]
[Date "2021.12.05"]
[Round "2"]
[White "Mardell, Jimmy"]
[Black "Eriksson, Anders"]
[Result "0-1"]
[WhiteElo "2144"]
[BlackElo "2225"]
[PlyCount "76"]
[EventDate "2021.??.??"]

1. d4 Nf6 2. c4 e6 3. Nc3 Bb4 4. e3 c5 5. Nge2 cxd4 6. exd4 d5 7. a3 Bxc3+ 8.
Nxc3 O-O 9. cxd5 Nxd5 10. Be2 Nc6 11. O-O Nf6 12. Be3 Qd6 13. Nb5 Qd8 14. Bf4
Nd5 15. Bg3 Bd7 16. Qd3 Qb6 17. Rfd1 Nce7 18. Nd6 Bc6 19. b4 a6 20. Rac1 Rad8
21. Nc4 Qa7 22. h3 Nf5 23. Be5 f6 24. Bh2 Nde7 25. Bc7 Rxd4 26. Bb6 Rxd3 27.
Bxa7 Rxd1+ 28. Rxd1 Ba4 29. Rd2 Nc6 30. Bb6 Bb5 31. Bd3 Rf7 32. Bxf5 exf5 33.
Nd6 Rd7 34. Be3 g6 35. h4 Ne5 36. Bf4 Bc6 37. Kf1 Kf8 38. Ke2 Bxg2 0-1

[Event "Superettan(Rockaden, Sthlm II-Burgsvik)"]
[Site "?"]
[Date "2021.12.05"]
[Round "2"]
[White "Crevatin, Leo"]
[Black "Tuvesson, Mats"]
[Result "1-0"]
[WhiteElo "2243"]
[BlackElo "2082"]
[PlyCount "117"]

1. d4 Nf6 2. c4 c5 3. d5 b5 4. cxb5 a6 5. e3 g6 6. Nc3 Bg7 7. a4 O-O 8. Nf3 d6
9. Ra3 axb5 10. Bxb5 Ba6 11. O-O Bxb5 12. axb5 Nbd7 13. e4 Ng4 14. Rxa8 Qxa8
15. Bg5 f6 16. Bf4 Qb7 17. h3 Nh6 18. Qd2 Nf7 19. Ra1 Rb8 20. Qc2 Nb6 21. Nd2
Qd7 22. Nb3 f5 23. Nxc5 Qc8 24. Ne6 fxe4 25. Nxg7 Kxg7 26. Qxe4 Qf5 27. Qxf5
gxf5 28. Ra7 Kf6 29. Be3 Nc8 30. Rc7 Ne5 31. Bd4 Kf7 32. Na4 Ke8 33. b6 Kd8 34.
Rc3 Nd7 35. Rb3 Rb7 36. h4 Nf8 37. h5 e5 38. dxe6 Nxe6 39. Bf6+ Kd7 40. h6 Nc5
41. Nxc5+ dxc5 42. Rd3+ Kc6 43. Bd8 Nxb6 44. Rb3 Nc4 45. Rxb7 Kxb7 46. Bf6 Kc6
47. Kf1 Kb5 48. Ke2 Kb4 49. Kd3 Kb3 50. g3 Nd6 51. f3 Nf7 52. Bg7 Ng5 53. Ke3
Ne6 54. g4 fxg4 55. fxg4 c4 56. Ke4 Nc5+ 57. Kf5 Nd3 58. g5 Nxb2 59. g6 1-0

[Event "Superettan(Helsingborg-Kristallen)"]
[Site "?"]
[Date "2021.12.04"]
[Round "1"]
[White "Persson, Andreas"]
[Black "Rosell, Tomas"]
[Result "1/2-1/2"]
[WhiteElo "2106"]
[BlackElo "2187"]
[PlyCount "81"]

1. d4 f5 2. Nf3 g6 3. g3 Bg7 4. Bg2 Nf6 5. O-O O-O 6. b3 d6 7. Bb2 c6 8. c4 Na6
9. Nbd2 e5 10. dxe5 Ng4 11. Qc2 Nxe5 12. Rad1 Qc7 13. a3 Bd7 14. b4 Rad8 15. e3
h6 16. Rfe1 Qb6 17. Nxe5 dxe5 18. c5 Qc7 19. Nc4 Be6 20. Rd6 Bxc4 21. Qxc4+ Kh7
22. Red1 e4 23. Rxd8 Rxd8 24. Rxd8 Qxd8 25. Bxg7 Kxg7 26. Qe6 Nc7 27. Qe5+ Kh7
28. Bf1 a6 29. h4 h5 30. Kg2 Nd5 31. Bc4 Nf6 32. Qd6 Qh8 33. Qe7+ Kh6 34. Qe5
Qd8 35. Qd6 Qh8 36. Be6 Kh7 37. Qc7+ Kh6 38. Bc8 Nd5 39. Qxb7 Nxe3+ 40. fxe3
Qb2+ 41. Kh3 1/2-1/2

[Event "Superettan(Upsala-Rockaden, Umea)"]
[Site "?"]
[Date "2021.12.04"]
[Round "1"]
[White "Lindgren, Mats"]
[Black "Marttala, Thomas"]
[Result "0-1"]
[WhiteElo "2152"]
[BlackElo "2161"]
[PlyCount "77"]

1. e4 c5 2. c3 Nf6 3. e5 Nd5 4. d4 cxd4 5. Nf3 e6 6. cxd4 Nc6 7. a3 d6 8. Bd3
Qc7 9. O-O a6 10. Re1 Be7 11. Qe2 dxe5 12. dxe5 Na5 13. Bc2 Bd7 14. Nd4 Bc5 15.
Nb3 Bb5 16. Qe4 Nxb3 17. Bxb3 Bc6 18. Qh4 h6 19. Nd2 Ne7 20. Bc2 O-O-O 21. Nb3
Bb6 22. Be3 Bxe3 23. Rxe3 Nd5 24. Ree1 g5 25. Qc4 Nf4 26. Be4 Bxe4 27. Qxe4 Kb8
28. Rac1 Qb6 29. Nc5 Rd2 30. Qe3 Qd8 31. Qb3 Qd5 32. Nxa6+ Ka7 33. Qxd5 Nxd5
34. Nc7 Rd8 35. Nb5+ Kb8 36. Nd6 Rxb2 37. Nxf7 Rf8 38. Nxh6 Rfxf2 39. Kh1 0-1

[Event "Superettan(Helsingborg-Kristallen)"]
[Site "?"]
[Date "2021.12.04"]
[Round "1"]
[White "Rothman, Peter"]
[Black "Ostling, Hakan"]
[Result "1-0"]
[WhiteElo "2105"]
[BlackElo "2159"]
[PlyCount "67"]

1. d4 g6 2. c4 f5 3. Nc3 Nf6 4. Nf3 d6 5. e3 Bg7 6. b3 O-O 7. Bb2 c6 8. Be2 Qc7
9. d5 Na6 10. O-O e5 11. dxe6 Bxe6 12. Rc1 Rad8 13. a3 h6 14. b4 Qf7 15. Qb3
Nc7 16. Nd4 Bc8 17. b5 c5 18. Nf3 b6 19. Qa4 Ne6 20. Rfd1 f4 21. Qc2 fxe3 22.
fxe3 Bb7 23. Nd5 Nxd5 24. cxd5 Nc7 25. Bxg7 Kxg7 26. e4 Rde8 27. Bd3 Bc8 28.
Rf1 Qf6 29. Rce1 g5 30. e5 dxe5 31. Nxe5 Qd6 32. Rxf8 Rxf8 33. Qb2 Rf6 34. Nc4
1-0

[Event "Superettan(Upsala-Rockaden, Umea)"]
[Site "?"]
[Date "2021.12.04"]
[Round "1"]
[White "Malm Lindberg, Henrik"]
[Black "Johansson, David"]
[Result "1-0"]
[WhiteElo "2186"]
[BlackElo "2104"]
[PlyCount "83"]

1. e4 c5 2. Nf3 Nc6 3. d4 cxd4 4. Nxd4 Nf6 5. Nc3 e6 6. Ndb5 d6 7. Bf4 e5 8.
Bg5 a6 9. Na3 b5 10. Nd5 Be7 11. Bxf6 Bxf6 12. c3 Bg5 13. Nc2 O-O 14. a4 Rb8
15. axb5 axb5 16. Bd3 Be6 17. Ncb4 Nxb4 18. Nxb4 Qd7 19. O-O g6 20. Qe2 f5 21.
Ra5 f4 22. f3 Bd8 23. Rxb5 Bb6+ 24. Kh1 g5 25. Bc4 Bxc4 26. Qxc4+ Kg7 27. Nd5
Bc5 28. Rxb8 Rxb8 29. b4 Qa4 30. Ne7 Kf6 31. Nf5 Rd8 32. Qd5 Qa6 33. Rd1 Be3
34. Nxd6 Qa7 35. c4 Bd4 36. c5 Rd7 37. h3 Qa4 38. Rxd4 exd4 39. Qf5+ Ke7 40.
Qf7+ Kd8 41. Qe8+ Kc7 42. Qc8# 1-0

[Event "Superettan(Helsingborg-Kristallen)"]
[Site "?"]
[Date "2021.12.04"]
[Round "1"]
[White "Lindfors, Tom"]
[Black "Olsson, Fredric"]
[Result "0-1"]
[WhiteElo "2106"]
[BlackElo "2086"]
[PlyCount "72"]
[EventDate "2021.??.??"]

1. e4 c5 2. Nf3 Nc6 3. d4 cxd4 4. Nxd4 e5 5. Nb5 d6 6. c4 a6 7. N5a3 Nf6 8. Nc3
Be7 9. Nc2 O-O 10. Bd3 Be6 11. O-O Nd7 12. Ne3 Nc5 13. Bb1 Re8 14. b3 Qb8 15.
Bb2 b5 16. Ncd5 Bg5 17. Bc1 bxc4 18. bxc4 a5 19. Bc2 Bxd5 20. cxd5 Nd4 21. Nc4
Bxc1 22. Rxc1 Qc7 23. Bb1 Qe7 24. Kh1 Reb8 25. f4 f6 26. Rf2 a4 27. Rd2 Rb4 28.
Qg4 Rab8 29. Na3 Qb7 30. Rdd1 g6 31. fxe5 fxe5 32. h3 Qa6 33. Rf1 Qe2 34. Qh4
Rb2 35. Bc2 Nxc2 36. Qf6 Nxe4 0-1

[Event "Superettan(Upsala-Rockaden, Umea)"]
[Site "?"]
[Date "2021.12.04"]
[Round "1"]
[White "Mardell, Jonas"]
[Black "Dolata, Henryk"]
[Result "0-1"]
[WhiteElo "2107"]
[BlackElo "2060"]
[PlyCount "86"]

1. e4 e6 2. d4 d5 3. exd5 exd5 4. Bd3 Nf6 5. h3 Be7 6. Qf3 Nbd7 7. Ne2 Nf8 8.
Nbc3 Ne6 9. Be3 c6 10. g4 b5 11. Ng3 g6 12. g5 Nd7 13. h4 Qb6 14. O-O-O Bb7 15.
h5 Rf8 16. Qg4 b4 17. Nce2 c5 18. hxg6 hxg6 19. dxc5 Bxc5 20. Bxc5 Ndxc5 21.
Nd4 O-O-O 22. Rh7 Kb8 23. Nxe6 Nxe6 24. Qe2 Qd6 25. Qd2 a5 26. Ne2 Rc8 27. Kb1
Rc7 28. f4 Rd8 29. f5 gxf5 30. Bxf5 Nc5 31. Qd4 Na4 32. Rh6 Qe7 33. Qf6 Qxe2
34. Qxd8+ Bc8 35. Rc1 Qe5 36. Qh8 Qxf5 37. Ra6 Rc5 38. b3 Nc3+ 39. Kb2 Qxg5 40.
Re1 Qd2 41. Rb6+ Kc7 42. Qe5+ Kxb6 43. Qd6+ Rc6 0-1

[Event "Superettan(Helsingborg-Kristallen)"]
[Site "?"]
[Date "2021.12.04"]
[Round "1"]
[White "Hakansson, Stefan"]
[Black "Gamback, Bjorn"]
[Result "0-1"]
[WhiteElo "2066"]
[BlackElo "2097"]
[PlyCount "114"]

1. d4 Nf6 2. Bf4 g6 3. e3 Bg7 4. Be2 d6 5. Nc3 Nbd7 6. h3 c6 7. Nf3 b5 8. a3 a6
9. O-O Qc7 10. Bh2 c5 11. Nb1 cxd4 12. exd4 O-O 13. Nbd2 Bb7 14. Re1 Rac8 15.
c3 Rfe8 16. Nf1 Nb6 17. Ne3 Qb8 18. Nd2 Qa8 19. Bf3 Bxf3 20. Nxf3 Nc4 21. Qb3
Qc6 22. Re2 Nxe3 23. Rxe3 Nd5 24. Re2 a5 25. Rae1 Rc7 26. Nd2 Rec8 27. Qa2 Bf8
28. Bg3 Rb7 29. Qb1 Nb6 30. Ne4 Nd5 31. Nd2 Nb6 32. Nb3 Nc4 33. Nd2 Nxd2 34.
Rxd2 b4 35. axb4 axb4 36. cxb4 Rxb4 37. Qd3 Qd5 38. Qe4 Qb5 39. Qe2 Qd5 40. Qe4
Qxe4 41. Rxe4 Rcc4 42. f3 f5 43. Ree2 Rxd4 44. Rxd4 Rxd4 45. Be1 Kf7 46. Kf2
Rd1 47. Bc3 Rb1 48. f4 Bh6 49. g3 g5 50. fxg5 Bxg5 51. Rc2 e5 52. Bb4 Ke6 53.
Ba3 Rh1 54. Kg2 Rc1 55. Re2 Rd1 56. Bb4 d5 57. Rc2 Rc1 0-1

[Event "Superettan(Upsala-Rockaden, Umea)"]
[Site "?"]
[Date "2021.12.04"]
[Round "1"]
[White "Sittenfeld, Johan"]
[Black "Hellstrom, Magnus"]
[Result "0-1"]
[WhiteElo "2140"]
[BlackElo "2083"]
[PlyCount "98"]

1. d4 Nf6 2. c4 g6 3. Nc3 d5 4. cxd5 Nxd5 5. e4 Nxc3 6. bxc3 Bg7 7. Nf3 c5 8.
Rb1 O-O 9. Be2 Nc6 10. d5 Ne5 11. Nxe5 Bxe5 12. Qd2 e6 13. f4 Bc7 14. O-O exd5
15. exd5 Ba5 16. Bb2 Bf5 17. Rbd1 Qd7 18. Bf3 c4 19. Kh1 Rfe8 20. Rfe1 Bc7 21.
Ba3 Bd6 22. Bxd6 Qxd6 23. Qd4 b5 24. Rxe8+ Rxe8 25. Qxa7 Bc2 26. Rg1 Qxf4 27.
Qc5 Kg7 28. Qc6 Re3 29. d6 Re6 30. Qxb5 Rxd6 31. Bd5 Bd3 32. Qb7 h5 33. a4 h4
34. h3 Qf5 35. Bf3 Rf6 36. Ra1 Qe5 37. Qb2 Rxf3 38. gxf3 Be2 39. Rg1 Bxf3+ 40.
Rg2 Qe1+ 41. Kh2 Bxg2 42. Kxg2 Qg3+ 43. Kh1 Qxh3+ 44. Kg1 Qg3+ 45. Kh1 Qf3+ 46.
Kh2 g5 47. Qd2 Kg6 48. a5 g4 49. Qd6+ f6 0-1

[Event "Superettan(Orgryte-Farsta)"]
[Site "?"]
[Date "2021.12.04"]
[Round "1"]
[White "Livner, Anders"]
[Black "Frisk Kockum, Anton"]
[Result "1-0"]
[WhiteElo "2372"]
[BlackElo "2352"]
[PlyCount "83"]
[SourceDate "2021.12.08"]

1. Nf3 g6 2. g3 Bg7 3. d4 f5 4. Bg2 Nf6 5. O-O O-O 6. b4 d5 7. a4 Ne4 8. Bf4
Nd7 9. a5 e6 10. Qc1 Qe7 11. c4 c6 12. b5 c5 13. cxd5 cxd4 14. dxe6 Ndc5 15.
Be5 Bxe5 16. Nxe5 Nb3 17. Qa3 Qxe6 18. Nf3 Nxa1 19. Qxa1 Qf6 20. Nxd4 Be6 21.
e3 Rac8 22. Qb2 Rfd8 23. Nd2 Nxd2 24. Qxd2 Bd5 25. Bxd5+ Rxd5 26. Qa2 Qf7 27.
a6 b6 28. Nc6 Rc7 29. Qb3 Rcd7 30. Kg2 Kg7 31. Nd4 g5 32. f4 Qe7 33. Qc3 Qe4+
34. Kg1 Kg6 35. fxg5 Rc5 36. Qb3 Qd5 37. Qb1 Rf7 38. Nxf5 Kxg5 39. h4+ Kg4 40.
Rf4+ Kh5 41. g4+ Kg6 42. Ne7+ 1-0

[Event "Superettan(Burgsvik-Schack 08)"]
[Site "?"]
[Date "2021.12.04"]
[Round "1"]
[White "Karlsson, Tomas"]
[Black "Persson, Mats"]
[Result "1/2-1/2"]
[WhiteElo "2313"]
[BlackElo "2340"]
[PlyCount "42"]
[SourceDate "2021.12.11"]

1. e4 c5 2. Nf3 e6 3. d4 cxd4 4. Nxd4 Nf6 5. Nc3 Nc6 6. g3 Bb4 7. Bg2 d5 8.
exd5 Nxd5 9. Nde2 Nxc3 10. Nxc3 Qxd1+ 11. Kxd1 Bd7 12. Ne4 O-O-O 13. c3 Be7 14.
Be3 e5 15. Kc2 Be6 16. Rhd1 Kc7 17. Bc5 f6 18. Bxe7 Nxe7 19. Nc5 Bf5+ 20. Be4
Bxe4+ 21. Nxe4 Kc6 1/2-1/2

[Event "Superettan(Rock,Sthlm II-SS4Springare)"]
[Site "?"]
[Date "2021.12.04"]
[Round "1"]
[White "Sivuk, Vitalii"]
[Black "Nikolic, Vladan"]
[Result "1-0"]
[WhiteElo "2526"]
[BlackElo "2211"]
[PlyCount "69"]

1. d4 Nf6 2. c4 e6 3. g3 c5 4. d5 exd5 5. cxd5 d6 6. Nc3 g6 7. Bg2 Bg7 8. Nf3
O-O 9. O-O Re8 10. Bf4 Ne4 11. Nxe4 Rxe4 12. Nd2 Rxf4 13. gxf4 Bxb2 14. Rb1 Bg7
15. e4 b5 16. Re1 a6 17. a4 c4 18. axb5 axb5 19. e5 c3 20. Ne4 dxe5 21. Nxc3
exf4 22. Nxb5 Bd7 23. Nd4 Na6 24. d6 Qg5 25. Nf3 Qf5 26. Ne5 Rf8 27. Nxd7 Qxd7
28. Rb7 Qd8 29. Qd5 Bc3 30. Ree7 Nb4 31. Qc5 Bf6 32. Qxb4 Bxe7 33. Rxe7 g5 34.
Qc5 h6 35. Qc7 1-0

[Event "Superettan(Orgryte-Farsta)"]
[Site "?"]
[Date "2021.12.04"]
[Round "1"]
[White "Olsson, William"]
[Black "Ong, Kezli"]
[Result "1/2-1/2"]
[WhiteElo "2352"]
[BlackElo "2291"]
[PlyCount "103"]

1. Nf3 Nf6 2. c4 e6 3. d4 Bb4+ 4. Bd2 Qe7 5. g3 Bxd2+ 6. Nbxd2 d6 7. Bg2 e5 8.
O-O O-O 9. Qc2 Re8 10. e4 Bg4 11. h3 Bh5 12. d5 a5 13. b3 c6 14. Nh4 Na6 15. a3
Rac8 16. Qd3 Bg6 17. Qe3 Qc7 18. Rfd1 cxd5 19. exd5 Qc5 20. Nxg6 hxg6 21. g4
Qxe3 22. fxe3 g5 23. Rab1 Rc7 24. Be4 Rb8 25. b4 axb4 26. axb4 Nxe4 27. Nxe4
Rxc4 28. Nxd6 Rxb4 29. Rxb4 Nxb4 30. e4 Na6 31. Rb1 Nc5 32. Rb5 b6 33. Kg2 g6
34. Kf3 Kg7 35. Nc4 Nd7 36. Rb2 b5 37. Na5 Rb6 38. Nc6 Kf6 39. Ke3 Kg7 40. Nb4
Rb8 41. Rc2 Rh8 42. Rc7 Rxh3+ 43. Ke2 Nf6 44. d6 Rh4 45. d7 Nxd7 46. Rxd7 Rxg4
47. Ke3 Kf8 48. Rd8+ Kg7 49. Rd7 Kf8 50. Rd8+ Kg7 51. Rd7 Kf8 52. Rd8+ 1/2-1/2

[Event "Superettan(Burgsvik-Schack 08)"]
[Site "?"]
[Date "2021.12.04"]
[Round "1"]
[White "Andersson, Tommy"]
[Black "Nyander, Joakim"]
[Result "1-0"]
[WhiteElo "2382"]
[BlackElo "2253"]
[PlyCount "61"]

1. d4 Nf6 2. c4 c5 3. e3 e6 4. Nf3 Be7 5. Nc3 O-O 6. Be2 b6 7. d5 d6 8. e4 e5
9. h3 Ne8 10. g4 a6 11. Be3 g6 12. Bh6 Ng7 13. Rg1 Nd7 14. Qd2 Nf6 15. O-O-O
Bd7 16. Nxe5 dxe5 17. d6 Be6 18. dxe7 Qxe7 19. Qg5 Bc8 20. f4 Re8 21. f5 Bb7
22. Rgf1 Rf8 23. Qh4 Nge8 24. Bxf8 Kxf8 25. g5 Ng8 26. f6 Qe6 27. Qxh7 b5 28.
Nd5 Bxd5 29. Rxd5 bxc4 30. Bxc4 Rc8 31. b3 1-0

[Event "Superettan(Rock,Sthlm II-SS4Springare)"]
[Site "?"]
[Date "2021.12.04"]
[Round "1"]
[White "Eriksson, Dan"]
[Black "Galperin, Platon"]
[Result "1/2-1/2"]
[WhiteElo "2175"]
[BlackElo "2524"]
[PlyCount "32"]

1. e4 c5 2. c3 d5 3. exd5 Nf6 4. Bb5+ Nbd7 5. Nf3 a6 6. Bxd7+ Qxd7 7. c4 Qg4 8.
Qe2 Qxg2 9. Rg1 Qh3 10. Rg3 Qf5 11. Nc3 e6 12. d4 h6 13. dxe6 Qxe6 14. Be3 Ne4
15. Nd5 Bd6 16. Rxg7 Kf8 1/2-1/2

[Event "Superettan(Orgryte-Farsta)"]
[Site "?"]
[Date "2021.12.04"]
[Round "1"]
[White "Degerman, Lars"]
[Black "Arnelind, Mikael"]
[Result "1-0"]
[WhiteElo "2430"]
[BlackElo "2218"]
[PlyCount "103"]

1. c4 Nf6 2. g3 e6 3. Bg2 d5 4. Nf3 Be7 5. d4 c6 6. Qc2 Nbd7 7. Nbd2 O-O 8. O-O
b6 9. e4 Bb7 10. e5 Ne8 11. cxd5 cxd5 12. Re1 Rc8 13. Qb1 Qc7 14. Nf1 Qc2 15.
Qxc2 Rxc2 16. Ne3 Rc8 17. Bd2 Nc7 18. Rac1 Na6 19. a3 Rxc1 20. Rxc1 Rc8 21. Ra1
Kf8 22. Bf1 Nab8 23. b4 Nc6 24. h4 Ke8 25. h5 f6 26. Ng4 f5 27. Ngh2 Kf7 28.
Be2 h6 29. g4 fxg4 30. Nxg4 Rf8 31. Kg2 Ke8 32. Rc1 Kd8 33. Be3 Ncb8 34. Rb1 a6
35. a4 Nc6 36. Bd2 Rxf3 37. Bxf3 Nxd4 38. Bd1 b5 39. axb5 axb5 40. f4 Nf5 41.
Be2 Bc6 42. Rc1 Nb8 43. Nf2 Nd4 44. Bd1 Be8 45. Nd3 g6 46. Be3 Nbc6 47. hxg6
Bxg6 48. Nc5 Bf5 49. Kg3 Bxc5 50. Rxc5 Bd3 51. Bg4 Kd7 52. Rxd5+ 1-0

[Event "Superettan(Burgsvik-Schack 08)"]
[Site "?"]
[Date "2021.12.04"]
[Round "1"]
[White "Sternlund, Hakan"]
[Black "Larsson, Victor"]
[Result "1-0"]
[WhiteElo "2123"]
[BlackElo "2205"]
[PlyCount "55"]

1. c4 c5 2. Nc3 g6 3. g3 Bg7 4. Bg2 Nc6 5. d3 b6 6. e4 Bxc3+ 7. bxc3 Bb7 8. Ne2
Qc7 9. O-O O-O-O 10. Be3 d6 11. Nc1 e6 12. Nb3 f5 13. f3 Nf6 14. Rf2 d5 15.
cxd5 exd5 16. Bf4 Qg7 17. e5 Nh5 18. Bg5 Rdf8 19. d4 c4 20. Nc1 f4 21. Bxf4
Nxf4 22. gxf4 Nd8 23. Ne2 Qh6 24. Qc1 Rf5 25. Ng3 Rxf4 26. Ne2 Ne6 27. Bh3 Qxh3
28. Nxf4 1-0

[Event "Superettan(Rock,Sthlm II-SS4Springare)"]
[Site "?"]
[Date "2021.12.04"]
[Round "1"]
[White "Poley, Vladimir"]
[Black "Jafarzadeh, Mehrdad"]
[Result "1-0"]
[WhiteElo "2323"]
[BlackElo "2044"]
[PlyCount "71"]

1. Nf3 d5 2. g3 Nf6 3. Bg2 c6 4. O-O Bg4 5. Ne5 Bf5 6. c4 e6 7. b3 Nbd7 8. Nxd7
Qxd7 9. Bb2 Be7 10. d3 O-O 11. Nd2 Rfd8 12. Nf3 h6 13. Rc1 a5 14. a3 a4 15. b4
dxc4 16. Ne5 Qc7 17. Nxc4 Nd7 18. e4 Bh7 19. d4 Nb6 20. Ne5 Nd7 21. Nc4 Nb6 22.
Ne3 Qd7 23. Qe2 Nc8 24. Nc4 Qc7 25. Rfd1 Nd6 26. Ne5 Qb6 27. h4 Bf6 28. Nxc6
bxc6 29. e5 Rac8 30. exf6 gxf6 31. d5 e5 32. dxc6 Bf5 33. Qf3 Bg6 34. Qxf6 Ne4
35. Bxe4 Bxe4 36. Qxe5 1-0

[Event "Superettan(Orgryte-Farsta)"]
[Site "?"]
[Date "2021.12.04"]
[Round "1"]
[White "Torngren, Gustav"]
[Black "Lindeman, Sven"]
[Result "1-0"]
[WhiteElo "2215"]
[BlackElo "2151"]
[PlyCount "93"]
[SourceDate "2021.12.10"]

1. c4 e5 2. Nc3 Nf6 3. e3 Bb4 4. Qb3 Bxc3 5. Qxc3 Nc6 6. Nf3 Qe7 7. d3 O-O 8.
e4 h6 9. Be2 Re8 10. O-O d6 11. b4 Bg4 12. Be3 b6 13. h3 Bd7 14. Kh2 Nd8 15. g3
c6 16. Rfe1 d5 17. exd5 cxd5 18. Qb3 d4 19. Bd2 Bc6 20. Bd1 Qc7 21. b5 Bb7 22.
Bb4 g5 23. a4 Bc8 24. a5 Rb8 25. axb6 axb6 26. Qb2 Bf5 27. Qd2 Kg7 28. Ng1 Ne6
29. Bf3 Nc5 30. Ra3 Rbd8 31. Bc6 Re6 32. Bxc5 bxc5 33. f3 Bg6 34. Rea1 Re7 35.
Ra6 Ng8 36. Bd5 Rxd5 37. cxd5 Qb7 38. d6 Rd7 39. Qa5 Bxd3 40. Ra7 Qxb5 41. Rxd7
Qxd7 42. Qxc5 Qb5 43. Qxb5 Bxb5 44. Ra5 Bc6 45. Rc5 d3 46. Rc3 Kf8 47. Rxc6 1-0

[Event "Superettan(Burgsvik-Schack 08)"]
[Site "?"]
[Date "2021.12.04"]
[Round "1"]
[White "Haitin, Ilja"]
[Black "Larsson, Roger"]
[Result "1-0"]
[WhiteElo "2353"]
[BlackElo "1976"]
[PlyCount "71"]
[SourceDate "2021.12.13"]

1. e4 Nf6 2. Nc3 e5 3. Nf3 Nc6 4. d4 exd4 5. Nxd4 Bb4 6. Nxc6 bxc6 7. Bd3 d5 8.
exd5 cxd5 9. O-O O-O 10. h3 c6 11. Qf3 Be6 12. Bf4 Bd6 13. Ne2 Bxf4 14. Nxf4
Re8 15. Rfe1 Bd7 16. b4 Rxe1+ 17. Rxe1 Qf8 18. b5 Re8 19. Rb1 Rb8 20. Qe3 c5
21. c4 Qd6 22. Nxd5 Nxd5 23. cxd5 Qxd5 24. a4 Re8 25. Qg3 Bf5 26. Bxf5 Qxf5 27.
Rc1 Qe4 28. Qa3 c4 29. Qc5 Qf4 30. Qxc4 Qg5 31. a5 h6 32. b6 axb6 33. axb6 Rb8
34. Qc8+ Kh7 35. Qxb8 Qxc1+ 36. Kh2 1-0